000 00555nam a22001697a 4500
005 20251108175538.0
008 250721s2018 xx 000 0 ara d
082 1 4 _a616.079/ديه
100 1 _aأبودية، عيسى أيوب
245 1 0 _aأمراض الساعة في علم المناعة : أمراض مناعية مختارة سبل تشخيصها و علاجها /
264 1 _aعمان :
_bالمؤلف،
_c2018.
300 _a136ص.
650 1 7 _aالامراض
650 1 7 _aعلم المناعة
942 _2ddc
_cBK
999 _c136646
_d136646